| 000 | 01180nam a2200313 a 4500 | ||
|---|---|---|---|
| 001 | 000114813 | ||
| 003 | CHAP | ||
| 005 | 20220329144459.0 | ||
| 008 | 180418s2018 mx |sm |||||||spa d | ||
| 010 | _a111274 | ||
| 011 | _a112246 | ||
| 040 | _cCHAP | ||
| 090 | _aTesis | ||
| 100 | 1 |
_aCruz Cristóbal, Andrés _9129338 |
|
| 245 | 1 | 0 |
_aAnálisis del comportamiento y competitividad de la producción y comercio de aguacate en México _h[En línea] _cpor Andrés Cruz Cristóbal. |
| 260 |
_aChapingo, Méx. : _bEl autor, _c2018. |
||
| 500 | _aPara ver el contenido del material haga clic en la liga | ||
| 502 | _aTesis (M. C. en Economía Agrícola y de los Recursos Naturales) -- UACH. División de Ciencias Económico-Administrativas | ||
| 590 |
_aE6337LMJ _b05 _c20180418 _lUCH01 _h1342 |
||
| 590 |
_aE6337LMJ _b05 _c20180418 _lUCH01 _h1343 |
||
| 650 | 1 | 4 |
_aAguacate _xExportación. _92515 |
| 650 | 1 | 4 |
_aAguacate _xMercadeo. _92534 |
| 650 | 1 | 4 |
_aAguacate _xProducción _zMéxico. _9135176 |
| 650 | 1 | 4 |
_aAguacate _xRendimiento _zMéxico. _9135175 |
| 856 |
_aFinding aid _uhttp://10.13.5.2/tesis/sist114813.pdf _zTeclea aquí |
||
| 901 | _aBK | ||
| 942 | _cTESIS | ||
| 942 | _n0 | ||
| 999 |
_c111274 _d111274 |
||